| 000 | 00541cam a2200181 4500500 | ||
|---|---|---|---|
| 005 | 20260405001859.0 | ||
| 041 | _afre | ||
| 042 | _adc | ||
| 100 | 1 | 0 |
_aRogé, Antoine _eauthor |
| 245 | 0 | 0 | _aMission impensable. Berkeley |
| 260 | _c2014. | ||
| 500 | _a68 | ||
| 690 | _aBerkeley | ||
| 690 | _aGeorge Berkeley | ||
| 690 | _aPerception | ||
| 786 | 0 | _nPhilosophie magazine | 84 | 11 | 2014-11-01 | p. 59-59 | 1951-1787 | |
| 856 | 4 | 1 | _uhttps://shs.cairn.info/magazine-philosophie-magazine-2014-11-page-59?lang=fr&redirect-ssocas=7080 |
| 999 |
_c2051952 _d2051952 |
||